| 000 | 01425nam a2200229 a 4500 | ||
|---|---|---|---|
| 001 | 000019939 | ||
| 003 | AM-YEHGA | ||
| 005 | 20260413150708.0 | ||
| 008 | 980326m1958 ai co||gr||||||0||pdarm|d | ||
| 040 |
_aAM-YEHGA _cAM-YEHGA |
||
| 041 | 0 | _aarm | |
| 100 | 1 |
_aԻսահակյան, Ավետիք Սահակի, _d1875-1957 _9963 |
|
| 245 | 1 | 0 |
_aԵրկեր : _b4 հատորով / _cԱվ. Իսահակյան; Կազմ. և առաջաբ. հեղ.՝ Ա. Ինճիկյան ; Խմբ.՝ Ս. Սարգսյան ; Նկ.՝ Ս. Ստեփանյան. |
| 260 |
_aԵրևան : _bՀայպետհրատ, _c1958. |
||
| 300 |
_aհատոր ; _c17 սմ. |
||
| 505 | 0 | 0 |
_gՀ. 1 (1958, 399 էջ) ։ _tԲանաստեղծություններ ; _gՀ. 2 (1958, 307 էջ) ։ _tՊոեմներ; Պոեմներ; Լեգենդներ և բալլադներ; Առակներ; Թարգմանություններ ; _gՀ. 3 (1959, 535 էջ) ։ _tԱռակներ ; _gՀ. 4 (1959, 523 էջ) ։ _tԻմ հուշերից; Ժողովուրդ և գրականություն; Ժողովրդի հետ |
| 650 | 1 | 4 |
_aՀայ գրականություն _xԵրկերի ժողովածու |
| 700 | 1 |
_aԻնճիկյան, Արամ Մկրտչի, _d1910-1975 _eառաջաբան. _4aui _eկազմ. _4com _92532 |
|
| 700 | 1 |
_aՍտեփանյան, Սուրեն Շավարշի, _d1915-1977 _eնկ. _4art _91781 |
|
| 700 | 1 |
_aՍարգսյան, Սերոբ Հակոբի, _d1927-1990 _eխմբ. _4edt _92785 |
|
| 942 |
_2udc _cBK |
||
| 999 |
_c7042 _d7042 |
||